| 000 | 00374nam a22001697a 4500 | ||
|---|---|---|---|
| 003 | OSt | ||
| 005 | 20260224174625.0 | ||
| 008 | 260224b |||||||| |||| 00| 0 eng d | ||
| 040 | _cFLL | ||
| 041 |
_aENG _dENG |
||
| 100 | _aSARATHI,V.P | ||
| 245 | _aINTERPRETATION OF STATUTES | ||
| 250 | _a6th | ||
| 260 |
_aLUCKNOW _bEBC _c2024 |
||
| 300 | _a546 | ||
| 942 |
_2CC _cTB _n0 |
||
| 999 |
_c1680191 _d1680191 |
||